| 000 | 00386pab a2200145 454500 | ||
|---|---|---|---|
| 008 | 180718b xxu||||| |||| 00| 0 eng d | ||
| 100 | _aGhatak, Aditi Roy | ||
| 245 | _aLexus Nexus - special courts, special crimes | ||
| 650 | _a Crimes and Criminals | ||
| 650 | _a Mehta, Harshad | ||
| 650 | _a Justice Administration of | ||
| 650 | _aCorruption | ||
| 773 | _aStatesman | ||
| 909 | _a21656 | ||
| 999 |
_c21656 _d21656 |
||